000 00554cam a2200181 4500500
005 20260405002416.0
041 _afre
042 _adc
245 0 0 _a“Blabla République”. Au verbe, citoyens !
260 _c2017.
500 _a2
690 _aDiscours
690 _aPhilippe-Joseph Salazar
690 _aPolitique
690 _aRhétorique
786 0 _nPhilosophie magazine | 107 | 3 | 2017-03-01 | p. 56-56 | 1951-1787
856 4 1 _uhttps://shs.cairn.info/magazine-philosophie-magazine-2017-3-page-56?lang=fr&redirect-ssocas=7080
999 _c2057436
_d2057436